Délmagyarország. - 1929. május 29., Szerda
Elmentve itt :
| Dokumentumtípus: | Újság |
|---|---|
| Megjelent: |
1929-05-29
|
| Sorozat: | Délmagyarország
5 No. 119 |
| Online Access: | http://dmarchiv.bibl.u-szeged.hu/5899 |
| LEADER | 00484nas a2200145 i 4500 | ||
|---|---|---|---|
| 001 | delm5899 | ||
| 005 | 20200414150752.0 | ||
| 008 | 171213s1929 hu n o 0|| hun d | ||
| 022 | |a 0133-025X | ||
| 040 | |a SZTE Délmagyarország Archívum |b hun | ||
| 041 | |a hun | ||
| 245 | 0 | 0 | |a Délmagyarország. - 1929. május 29., Szerda |h [elektronikus dokumentum] |
| 260 | |c 1929-05-29 | ||
| 490 | 0 | |a Délmagyarország |v 5 No. 119 | |
| 856 | 4 | 0 | |u http://dmarchiv.bibl.u-szeged.hu/5899/1/dm_1929_119.pdf |z Dokumentum-elérés |